[Event "SWE-chT2 0708"]
[Site "Sweden"]
[Date "2007.11.17"]
[Round "3"]
[White "Dolata, Henryk"]
[Black "Berggren, Jonathan"]
[Result "1-0"]
[WhiteElo "2023"]
[BlackElo "1949"]
[PlyCount "69"]
[EventDate "2007.10.20"]
[EventType "team-tourn"]
[EventRounds "9"]
[EventCountry "SWE"]
[SourceTitle "EXT 2009"]
[Source "ChessBase"]
[SourceDate "2008.11.26"]
[SourceVersion "1"]
[SourceVersionDate "2008.11.26"]
[SourceQuality "1"]
[WhiteTeam "Upsala II"]
[BlackTeam "Stockholm Rockaden II"]
[WhiteTeamCountry "SWE"]
[BlackTeamCountry "SWE"]

1. e4 c5 2. c3 Nf6 3. e5 Nd5 4. d4 cxd4 5. Nf3 Nc6 6. cxd4 d6 7. Bc4 e6 8. Qe2 Be7 9. 0-0 Nb6 10. Bb3 0-0 11. Nc3 Re8 12. Bf4 d5 13. h4 Nd7 14. g3 a6 15. Rac1 Nf8 16. Rfd1 Bd7 17. Bc2 Rc8 18. Kg2 Na7 19. Bg5 Bxg5 20. hxg5 Nc6 21. Rh1 Ne7 22. Qd2 Neg6 23. Ne2 Qe7 24. Nf4 Nxf4+ 25. Qxf4 Ng6 26. Qg4 Rxc2 27. Rxc2 Bc6 28. Qh5 Nf8 29. a3 Qd8 30. b4 Qd7 31. Nh2 Bb5 32. Ng4 Bd3 33. Nf6+ gxf6 34. gxf6 Be4+ 35. Kh2 1-0